[Event "Adygea rapid op"]
[Site "Maikop"]
[Date "2019.05.03"]
[Round "8"]
[White "Mislaurov, Magomed"]
[Black "Dezhurko, Arkadi"]
[Result "0-1"]
[WhiteElo "1664"]
[BlackElo "2159"]
[PlyCount "104"]
[EventDate "2019.05.02"]
[EventType "swiss (rapid)"]
[EventRounds "9"]
[EventCountry "RUS"]
[SourceTitle "CBM 190 Extra"]
[Source "ChessBase"]
[SourceDate "2019.07.15"]
[SourceVersion "1"]
[SourceVersionDate "2019.07.15"]
[SourceQuality "1"]

1. Nf3 Nf6 2. b3 d6 3. Bb2 e5 4. c4 Be7 5. e3 e4 6. Nd4 Nc6 7. d3 Bg4 8. Be2 Bxe2 9. Qxe2 Nxd4 10. exd4 exd3 11. Qxd3 d5 12. 0-0 0-0 13. Nd2 c6 14. Rfe1 Bb4 15. a3 Ba5 16. Re3 Re8 17. Rae1 Rxe3 18. Rxe3 Ng4 19. Rg3 h5 20. h3 Nf6 21. b4 Bc7 22. Rf3 Qd6 23. g3 Qe6 24. Kg2 dxc4 25. Nxc4 Rd8 26. Ne3 Ne4 27. Rf5 g6 28. d5 gxf5 29. Qd4 Qe5 30. Qxe5 Bxe5 31. Bxe5 f6 32. Bb2 Nd6 33. dxc6 bxc6 34. Kf3 Kf7 35. Kf4 Re8 36. h4 Re4+ 37. Kf3 Ke6 38. Nc2 Nc4 39. Bc3 Ne5+ 40. Kg2 Rc4 41. Nd4+ Kd5 42. Ne2 Ke4 43. Ba1 Rc2 44. Kf1 Rd2 45. Bc3 Rc2 46. Ba1 a6 47. a4 Kd3 48. Nf4+ Kc4 49. Kg2 Ng4 50. Ne6 Rxf2+ 51. Kg1 Ra2 52. Bd4 Kd5 0-1